• 首页
  • 本馆介绍
  • 公告通知
  • 最新文献
  • 馆藏检索
  • 电子资源
  • 读者导购
  • 参考咨询
  • 我的图书馆
  • 登录
  • 详细信息显示
  • 放入我的书架
  • 预约/预借图书
  • 作者相关作品
  • 分类相关作品
  • 丛书相关作品
  • 出版社相关作品

书目信息

  • 表格格式
  • 工作单格式
  • 卡片格式
题名:
越算越聪明的印度数学
    
 
作者: 王擎天 著
分册:  
出版信息: 南京   江苏科学技术出版社  2020.12
页数: 201页
开本: 24cm
丛书名:
单 册:
中图分类: O121.4
科图分类:
主题词: 速算--研究--印度
电子资源:
ISBN: 978-7-5537-2083-8
000 00992nam0 2200241 45
001 012001000273
005 20211012144013.43
010    @a978-7-5537-2083-8@dCNY24.80
100    @a20140227d2013 em y0chiy50 ea
101 0  @achi
102    @aCN@b320000
105    @aa z 000yy
106    @ar
200 1  @a越算越聪明的印度数学@Ayue suan yue cong ming de yin du shu xue@b专著@f王擎天著
205    @a修订版
210    @a南京@c江苏科学技术出版社@d2020.12
215    @a201页@c图@d24cm
330    @a本书分四章介绍了印度数学在加减乘除运算中的妙用,尤其是乘除运算,更是印度数学大显神威的舞台。第一章是入门篇,介绍加减运算中从左向右的逆向速算法;第二章和第三章属进阶篇,介绍印度数学的核心思想之一——补数思想,以及数种针对特殊算式的特别方法;第四章介绍了三种游戏式的简算法,带学习者认识印度数学轻松有趣的一面。
606 0  @a速算@x研究@y印度
690    @aO121.4@v5
701  0 @a王擎天@Awang qing tian@c(数学教授)@4著
801  0 @aCN@bBJSDL@c20211011
905    @b1331066-9@dO121.4@e156=2@f4
    
    越算越聪明的印度数学/王擎天著.-修订版.-南京:江苏科学技术出版社,2020.12
    201页:图;24cm
    
    
    ISBN 978-7-5537-2083-8:CNY24.80
    本书分四章介绍了印度数学在加减乘除运算中的妙用,尤其是乘除运算,更是印度数学大显神威的舞台。第一章是入门篇,介绍加减运算中从左向右的逆向速算法;第二章和第三章属进阶篇,介绍印度数学的核心思想之一——补数思想,以及数种针对特殊算式的特别方法;第四章介绍了三种游戏式的简算法,带学习者认识印度数学轻松有趣的一面。
●
相关链接 在E读中查询图书 在五车中查询图书 在当当中查询图书 在豆瓣中查询图书


正题名:越算越聪明的印度数学     索取号:O121.4/156=2         预约/预借

序号 登录号 条形码 馆藏地/架位号 状态 备注
1 1331066   213310665   第二样本阅览室/ [索取号:O121.4/156=2] 在馆    
2 1331067   213310674   第三借阅区/ [索取号:O121.4/156=2] 在馆    
3 1331068   213310683   第三借阅区/ [索取号:O121.4/156=2] 在馆    
4 1331069   213310692   第三借阅区/ [索取号:O121.4/156=2] 在馆    
唐山师范学院图书馆 欢迎您!
大连网信软件有限公司© 版权所有